| 000 | 01040cam a22002895a 4500 | ||
|---|---|---|---|
| 001 | 17948084 | ||
| 005 | 20160221135641.0 | ||
| 008 | 131120s2014 caua frb 001 0 eng d | ||
| 020 | _a9781118588642 | ||
| 040 |
_aDLC _beng _cDLC _dEG-ScBUE |
||
| 082 | 0 | 4 |
_a658.4063 _222 _bDES |
| 100 | 1 |
_aDeschamps, Jean Philippe. _939393 |
|
| 245 | 1 | 0 |
_aInnovation governance : _bhow top management organizes and mobilizes for innovation / _cJean-Philippe Deschamps and Beebe Nelson. |
| 260 |
_aSan Francisco : _bJossey-Bass / A Wiley Brand, _c2014. |
||
| 300 |
_axxix, 361 p. : _bill. ; _c24 cm. |
||
| 500 | _aIndex : p. 351-361. | ||
| 504 | _aIncludes bibliographical references. | ||
| 650 | 7 |
_aTechnological innovations _xManagement. _2BUEsh _933837 |
|
| 650 | 0 |
_aDiffusion of innovations _xManagement. _2BUEsh |
|
| 650 | 0 |
_aNew products. _2BUEsh |
|
| 650 | 7 |
_aCorporate culture. _2BUEsh _936919 |
|
| 650 | 7 |
_aOrganizational behavior. _2BUEsh _94617 |
|
| 651 | _2BUEsh | ||
| 653 |
_bBUSADM _cFebruary2016 |
||
| 700 | 1 | _aNelson, Beebe. | |
| 942 | _2ddc | ||
| 999 |
_c21199 _d21171 |
||